[Event "Madrid-ch (Women)"]
[Site "Madrid"]
[Date "2013.12.19"]
[Round "3"]
[White "Rodriguez Vellon, Jimena"]
[Black "Insunza Diaz, Gloria"]
[Result "1/2-1/2"]
[WhiteElo "1532"]
[BlackElo "1523"]
[PlyCount "32"]
[EventDate "2013.12.13"]
[EventType "swiss"]
[EventRounds "6"]
[EventCountry "ESP"]
[SourceTitle "EXT 2015"]
[Source "ChessBase"]
[SourceDate "2014.11.20"]
[SourceVersion "1"]
[SourceVersionDate "2014.11.20"]
[SourceQuality "1"]

1. e4 e5 2. Nf3 Nc6 3. Bb5 d6 4. 0-0 Bg4 5. Nc3 Bxf3 6. Qxf3 Qf6 7. Qxf6 Nxf6 8. Bxc6+ bxc6 9. d3 d5 10. Bg5 d4 11. Ne2 Be7 12. Bxf6 Bxf6 13. c3 a5 14. a4 c5 15. Rfc1 Ra7 16. cxd4 cxd4 1/2-1/2

[Event "Tres Cantos op 4th"]
[Site "Tres Cantos"]
[Date "2012.06.29"]
[Round "9"]
[White "Rodriguez Vellon, Jimena"]
[Black "Jimenez Perez, Federico"]
[Result "1/2-1/2"]
[WhiteElo "1669"]
[BlackElo "1282"]
[PlyCount "70"]
[EventDate "2012.06.21"]
[EventType "swiss"]
[EventRounds "9"]
[EventCountry "ESP"]
[SourceTitle "CBM 149 Extra"]
[Source "ChessBase"]
[SourceDate "2012.08.24"]
[SourceVersion "1"]
[SourceVersionDate "2012.08.24"]
[SourceQuality "1"]

1. e4 e5 2. Nf3 Nc6 3. Nc3 Bb4 4. Bb5 a6 5. Bxc6 dxc6 6. 0-0 Bd6 7. d4 Bg4 8. dxe5 Bxe5 9. Qxd8+ Rxd8 10. Nxe5 Be6 11. b3 Ne7 12. Ba3 a5 13. Bxe7 Kxe7 14. Rad1 f6 15. Nd3 h5 16. Nf4 Bf7 17. Rfe1 g5 18. Nd3 h4 19. Re3 Bh5 20. Rde1 Kf7 21. e5 f5 22. e6+ Ke7 23. Ne5 Rd2 24. Rd3 Rxd3 25. Nxd3 f4 26. Ne5 g4 27. Nf7 Rg8 28. Nh6 Rg5 29. Nf7 Bxf7 30. exf7+ Kxf7 31. Rd1 Ke6 32. Ne4 Re5 33. Re1 Kf5 34. f3 b5 35. fxg4+ Kg6 1/2-1/2